000 00831nam a2200265 a 4500
001 68611
003 BD-RjUL
005 20211209081806.0
008 170404m1874 enka 000 0 eng d
035 _a(BD-RjUL)68821
035 _a(OCoLC)3929367
040 _aDLC
_cOCX
_dOCoLC
_dDLC
_dBD-RjUL
_beng
041 _aeng
082 _223
_a821.1
_bRIC 1874
100 _aRichard, Morris
_9146272
245 1 0 _aCursor mundi : a northumbrian poem of the xiv th century in four versions / /
_cedited by Morris Richard
260 _aLondon :
_b Trübner & Co.,
_c1874
300 _av. ;
_c23 cm.
490 _aearly english text society ; 99
505 _aincludes Index
650 _aEarly English Period
_9203365
650 _aEnglish language--Middle English
_9203365
942 _2ddc
_cBK
999 _c68611
_d68611